00709nam a2200169 a 4500008004100000020001500041050001800056100001900074245009200093260002300185350000900208650002800217650004700245995009600292999001700388952013400405120416s1994 ||||||||||||||||| || u a1557283109 aNA 730.A5 Siz aSizemore, Jean10aOzark vernacular houses: a study of rural homeplaces in the Arkansas Ozarks, 1830-1930  afAYETTEVILLEc1994 a0.00 aVERNACULAR ARCHITECTURE aVERNACULAR ARCHITECTURE--ARKANSAS--HISTORY D0.00FCBU-MAIN LIBRARY (Kitwe)H1I20.00M1UAVAILABLEZMain Library Open Access Collection c53055d53055 00102lcc4070a001b001cMain Library Open Access Collectiond2022-11-30l0oNA 730.A5 Sizp026990r2022-11-30w2022-11-30y002